Traité du contrat de mariage: livre III, titre V, du code civil

Uloženo v:
Podrobná bibliografie
Hlavní autor: Guillouard, L (Autor)
Médium: Kniha
Jazyk:francouzština
Vydáno: París A. Durand et Pedone-Lauriel 1888
Vydání:2a. ed
Témata:
Tagy: Přidat tag
Žádné tagy, Buďte první, kdo vytvoří štítek k tomuto záznamu!

MARC

LEADER 00000nam a2200000 a 4500
001 UCS1187
003 CL-VaPUC
008 970509e18880000FR |||||||||||||||||fre|d
082 0 4 |a 346.016  |b GUI  |2 21 
100 |a Guillouard, L  |e author  |9 403413 
245 1 0 |a Traité du contrat de mariage: livre III, titre V, du code civil 
250 |a 2a. ed 
300 |a 4 v 
942 |c BK 
945 |d 19970509 00:00:00  |a cmena 
260 |a París  |b A. Durand et Pedone-Lauriel  |c 1888 
500 |a v.1: Articles 1387 à 1406 
500 |a v.2: Articles 1407 à 1440 
500 |a v.3: Articles 1441 à 1539 
500 |a v.4: Articles 1540 à 1581 
650 0 |a Derecho civil  |9 255013 
650 0 |a Derecho privado  |9 258243 
650 7 |a MATRIMONIO  |2 CL-VaPUC  |9 385412 
650 0 |a Regímenes matrimoniales  |9 357525 
650 0 |a Código civil  |9 256135 
650 0 |a Derecho romano  |9 255930 
650 0 |a Derecho alemán   |9 385144 
650 0 |a Derecho francés  |9 385145 
650 7 |a DEBERES CONYUGALES  |2 CL-VaPUC  |9 385413 
650 7 |a DERECHO RUSO  |2 CL-VaPUC  |9 385414 
650 0 |a Derecho italiano  |9 385337 
650 0 |a Derecho español  |9 255291 
650 0 |a Derecho inglés  |9 385415 
650 7 |a DERECHO ESTADOUNIDENSE  |2 CL-VaPUC  |9 385416 
650 7 |a BIENES GANANCIALES  |2 CL-VaPUC  |9 333667 
650 0 |a Mujer casada  |9 255924 
650 0 |a Herencia  |9 256325 
650 0 |a Bienes inmuebles   |9 359521 
651 0 |a Francia  |9 255157 
583 |a last modification  |c 19970509 00:00:00  |k Rodrigo Vera 
999 |c 259289  |d 259287 
952 |0 0  |1 0  |4 0  |6 346_016000000000000_GUI_1888  |7 0  |8 X  |9 283938  |a BIBDER  |b BIBDER  |d 2019-11-19  |h v.1  |i 1849077  |o 346.016 GUI 1888  |p 1849077  |r 2023-01-25  |w 2019-11-19  |y BK_X  |k DER 
952 |0 0  |1 0  |4 0  |6 346_016000000000000_GUI_1888  |7 0  |8 X  |9 283939  |a BIBDER  |b BIBDER  |d 2019-11-19  |h v.2  |i 1849085  |o 346.016 GUI 1888  |p 1849085  |r 2023-01-25  |w 2019-11-19  |y BK_X  |k DER 
952 |0 0  |1 0  |4 0  |6 346_016000000000000_GUI_1888  |7 0  |8 X  |9 283940  |a BIBDER  |b BIBDER  |d 2019-11-19  |h v.3  |i 1849093  |o 346.016 GUI 1888  |p 1849093  |r 2023-01-25  |w 2019-11-19  |y BK_X  |k DER 
952 |0 0  |1 0  |4 0  |6 346_016000000000000_GUI_1888  |7 0  |8 X  |9 283941  |a BIBDER  |b BIBDER  |d 2019-11-19  |h v.4  |i 1849107  |o 346.016 GUI 1888  |p 1849107  |r 2023-01-25  |w 2019-11-19  |y BK_X  |k DER